000
00294nam a22001337a 4500
008
170720b xxu||||| |||| 00| 0 eng d
020
_a
9780664253486
041
_a
eng
080
_a
2
100
_a
24
101
_a
TEO
245
_a
AN INTRODUCTION TO JUDAISM
_c
NEUSNER, J
942
_2
udc
_c
BK
999
_c
21660
_d
21660